Fleeting moments Op.22: for flute, oboe, bl clarinet and basson

Saved in:
Bibliografiske detaljer
Hovedforfatter: Prokofiev, Serguéi Sergueyévich (Author)
Format: Bog
Sprog:engelsk
Udgivet: Nueva York Cundy-Bettoney 1965
Fag:
Tags: Tilføj Tag
Ingen Tags, Vær først til at tagge denne postø!

MARC

LEADER 00000nam a2200000 a 4500
001 UCY1393
003 CL-VaPUC
008 940831e19650000US |||||||||||||||||eng|d
082 0 4 |a Cu785.8  |b PRO  |2 21 
100 |a Prokofiev, Serguéi Sergueyévich  |e author  |9 306501 
245 1 0 |a Fleeting moments Op.22: for flute, oboe, bl clarinet and basson 
300 |a pág. irreg 
942 |c BK 
945 |d 19940831 00:00:00  |a oaravena 
260 |a Nueva York  |b Cundy-Bettoney  |c 1965 
500 |a Incluye 5 partes instrumentales 
650 7 |a CUARTETOS - PARTITURAS  |2 CL-VaPUC  |9 329352 
650 7 |a MUSICA DE CAMARA - CUARTETOS  |2 CL-VaPUC  |9 324831 
650 0 |a Cuarteto de vientos de madera  |9 329359 
650 0 |a Música para flauta, oboe, clarinete y fagot  |9 329354 
650 0 |a Compositores rusos  |9 329355 
650 0 |a Música rusa, siglo 20  |9 329356 
583 |a last modification  |c 19940831 00:00:00  |k Rodrigo Vera 
999 |c 230109  |d 230107 
952 |0 0  |1 0  |4 0  |6 CU_785_800000000000000_PRO_1965  |7 0  |8 F  |9 232115  |a BIBEDU  |b BIBEDU  |d 2019-11-15  |i 2998157  |o Cu785.8 PRO 1965  |p 2998157  |r 2023-11-22  |w 2019-11-15  |y BK_F  |k MUS